Využitie štatistických metód v manažérstve kvality

Guardado en:
Detalles Bibliográficos
Autor principal: Griač, Juraj, 1988- (Autor)
Otros Autores: Janiga, Ivan, 1948- (Orientador)
Formato: Manuscrito Libro
Lenguaje:eslovaco
Publicado: Bratislava : STU v Bratislave SjF, 2013
Materias:
Acceso en línea:VAIS
Etiquetas: Agregar Etiqueta
Sin Etiquetas, Sea el primero en etiquetar este registro!

MARC

LEADER 00000ntm a22000003a 4500
001 stu287266
005 20150617230257.2
008 140326s2013----xo------------------slo-d
040 |a STU  |b slo 
041 0 |a slo 
044 |a xo 
100 1 |a Griač, Juraj,  |d 1988-  |4 aut  |u J  |T SjF Strojnícka fakulta  |X 62379  |U J  |Y 20  |7 A000062379 
242 0 0 |a Use of statistical methods in quality management  |y eng 
245 1 |a Využitie štatistických metód v manažérstve kvality 
260 |a Bratislava :  |b STU v Bratislave SjF,  |c 2013 
650 7 |a Quality of Production in Engineering Enterprises  |2 estusub 
650 7 |a quality  |2 estusub 
650 7 |a kvalita  |2 stusub 
650 7 |a štatistické metódy  |2 stusub 
650 7 |a kvalita produkcie v strojárskych podnikoch  |2 stusub 
700 1 |a Janiga, Ivan,  |d 1948-  |4 ths  |u J0080  |U SjF Strojnícka fakulta  |T SjF Ústav matematiky a fyziky  |X 2395  |U J0080  |Y 808  |7 A000002395 
856 4 |a info a plný text  |u http://is.stuba.sk/zp/portal_zp.pl?podrobnosti=94696  |3 VAIS 
996 |b 284J043112  |c J*1597/DP  |l JJSK  |s A  |a 24  |w stu287266_0001